000 00317nam a22001457a 4500
008 221024b ||||| |||| 00| 0 eng d
020 _a9781437709803
041 _aeng
080 _2EIGHTH EDITION
_a61
082 _a61 KRE
100 _a5
101 _aMJEK
245 _aSONOGRAPHY
_cKREMKAU F
942 _2udc
_cBK
999 _c58653
_d58653